| 000 | 00732cam a2200265 i 4500 | ||
|---|---|---|---|
| 999 |
_c118487 _d118487 |
||
| 003 | BJBSDDR | ||
| 005 | 20230411090912.0 | ||
| 007 | ta | ||
| 008 | 140925s2014 nyua 000 0 eng | | ||
| 020 | _a9781476764528 (pbk) | ||
| 020 | _a1476764522 (pbk) | ||
| 040 |
_beng _cBJBSDDR |
||
| 041 | _aeng | ||
| 050 | 1 | 4 |
_aPS 3515 _bH488f 2014 |
| 082 | 0 | 0 | _a813.5 |
| 100 | 1 |
_aHemingway, Ernest, _d1899-1961 |
|
| 245 | 1 | 2 |
_aA Farewell to arms / _cErnest Hemingway. |
| 250 | _aFirst Scribner trade paperback edition | ||
| 260 |
_aNew York : _bScribner, _c2014. |
||
| 300 |
_axix, 330 pages ; _c21 cm. |
||
| 650 | 4 |
_aNovela estadounidense _9203 |
|
| 650 | 4 |
_aLiteratura estadounidense _91028 |
|
| 942 |
_2lcc _cBK |
||
| 946 | _aDGG. | ||